|
|
|
|
| LEADER |
00000nac a2200000 a 4500 |
| 003 |
Ucuenca |
| 005 |
20230308220759.0 |
| 008 |
014073|2010 sp |||||r|||||||||||spa|| |
| 020 |
|
|
|a 9788495114426
|
| 040 |
|
|
|b spa
|
| 041 |
0 |
|
|a spa
|
| 082 |
0 |
|
|a 372.86
|
| 100 |
1 |
|
|a Navas Torres, Miguel
|9 122554
|
| 245 |
|
|
|a Fichero de habilidades motrices básicas
|c Miguel Navas Torres
|h imp
|
| 250 |
|
|
|a 2a ed.
|
| 264 |
|
|
|a Barcelona
|b INDE
|c 2010
|
| 300 |
|
|
|a 193 páginas:
|b ilu
|c 14 cm
|
| 490 |
|
|
|a Recreación
|
| 504 |
|
|
|a incl. ref.
|
| 520 |
3 |
|
|a Contiene innumerables propuestas de tareas organizadas entorno a las grandes tipologías de las habilidades motrices básicas: desplazamientos, saltos, giros, lanzamientos, recepciones, etc. En conexión directa con las necesidades de los docentes, constituye un instrumento indispensable para desarrollar el currículum de Primaria.
|
| 650 |
|
0 |
|a Educación física
|9 15030
|
| 650 |
|
0 |
|a Estrategias educativas
|9 60015
|
| 650 |
|
0 |
|a Psicomotricidad
|9 26540
|
| 852 |
|
|
|a UC-CDJBV
|f Compra
|l 1
|m General
|p 20140731
|q 23.00
|r 2
|t 111868
|w Cultura Física
|y 288590
|b 0
|d CDRC
|e CDRC
|g 372.86 PRIMER PISO
|z 2014-40-73
|
| 852 |
|
|
|a UC-CDJBV
|f Compra
|l 2
|m General
|p 20150928
|q 29.00
|r 2
|t 113676
|v filo
|w Cultura Física
|y 5416381
|b 0
|d CDRC
|e CDRC
|g 372.86 PRIMER PISO
|z 2015-50-92
|
| 856 |
|
|
|a http://sibuc.ucuenca.edu.ec/portada/111868.jpg
|
| 942 |
|
|
|c CR
|0 1
|
| 999 |
|
|
|c 134845
|d 134845
|